| 000 | 00476nam a2200133Ia 4500 | ||
|---|---|---|---|
| 008 | 211122s9999||||xx |||||||||||||| ||und|| | ||
| 082 |
_a658.455 _bFIT-S |
||
| 100 | _aFitzsimmons, James A/Mona J Fittzsimmons | ||
| 245 | 0 | _aService Management:Operations Strategy Information Technology | |
| 260 |
_bMcgraw Hill Education (India) Pvt.Ltd _aChennai |
||
| 630 | _xMBA LIBRARY | ||
| 650 |
_aManagement _vTECHNOLOGYMANAGEMEMT & AUXILIARY SERVICESGENERAL MANAGEMENT |
||
| 942 | _cBOOK | ||
| 999 |
_c127760 _d127760 |
||